Options, Futures, and Other Derivatives / Fourth Edition (Record no. 5822)
[ view plain ]
| 000 -LEADER | |
|---|---|
| fixed length control field | 01444cam a22002054a 4500 |
| 005 - ΗΜΕΡΟΜΗΝΙΑ ΚΑΙ ΩΡΑ ΤΕΛΕΥΤΑΙΑΣ ΕΝΗΜΕΡΩΣΗΣ | |
| Πεδίο ελέγχου | 20250605164223.0 |
| 008 - FIXED-LENGTH DATA ELEMENTS--GENERAL INFORMATION | |
| Πεδίο ελέγχου σταθερού μήκους | 250528s ||||||||||||||||||||||||d |
| 035 ## - SYSTEM CONTROL NUMBER | |
| System control number | 20738 |
| 020 ## - ISBN | |
| ISBN | 130158224 |
| 040 ## - ΠΗΓΗ ΚΑΤΑΛΟΓΟΓΡΑΦΗΣΗΣ | |
| Φορέας πρωτότυπης καταλογογράφησης | MC Athens Campus Library |
| Γλώσσα καταλογογράφησης | Ελληνικά, Μοντέρνα (1453-) |
| Modifying agency | MC Athens Campus Library |
| Κανόνες περιγραφικής καταλογογράφησης | AACR2 |
| 245 1# - ΤΙΤΛΟΣ ΚΑΙ ΔΗΛΩΣΗ ΥΠΕΥΘΥΝΟΤΗΤΑΣ | |
| Τίτλος | Options, Futures, and Other Derivatives / Fourth Edition |
| 250 ## - EDITION STATEMENT | |
| Edition statement | 4th |
| 260 ## - PUBLICATION, DISTRIBUTION, ETC. | |
| Name of publisher, distributor, etc. | Prentice Hall International, |
| Date of publication, distribution, etc. | 2000 |
| 300 ## - PHYSICAL DESCRIPTION | |
| Extent | 700 |
| 520 ## - SUMMARY, ETC. | |
| Summary, etc. | This manual contains worked-out solutions and answers to all end-of-chapter problems in the text. Preface, Introduction, Futures Markets and the Use of Futures for Hedging, Forward and Futures Prices, Interest Rates and Duration, Swaps, Options Markets, Properties of Stock Option Prices, Trading Strategies Involving Options, Introduction to Binomial Trees, Model of the Behavior of Stock Prices, The Black-Scholes Model, Options on Stock Indices and Currencies and Futures, The Greek Letters, Value at Risk, Estimating Volatilities and Correlations, Numerical Procedures, Volatility Smiles and Alternatives to Black - Scholes, Exotic Options, Extensions of the Theoretical Framework for Pricing Derivatives: Martingales and Measures, Interest Rate Derivatives: The Standard Market Models, Interest Rate Derivatives: Models of the Short Rate, Interest Rate Derivatives: More Advanced Models, Credit Risk, Author and Subject Index. |
| 700 1# - ΠΡΟΣΘΕΤΗ ΑΝΑΓΡΑΦΗ--ΦΥΣΙΚΟ ΠΡΟΣΩΠΟ | |
| Personal name | Hull John C |
| 9 (RLIN) | 1630 |
| 942 ## - ADDED ENTRY ELEMENTS (KOHA) | |
| Koha item type | Books |
| Τύπος τεκμηρίου | Βιβλιοθήκη | Τρέχουσα τοποθεσία | Barcode | Αριθμός εισαγωγής | Ημερομηνία απόκτησης | Ταξιθετικό σύμβολο | Αριθμός αντιτύπου | Κατάσταση απόσυρσης | Κατάσταση χαμένου | Κατάσταση κατεστραμμένου | Μη δανεισμός | Σύνολο δανεισμών | Ημερομηνία τελευταίας εμφάνισης | Η τιμή ισχύει από |
|---|---|---|---|---|---|---|---|---|---|---|---|---|---|---|
| Books | MC Athens Campus Library | MC Athens Campus Library | 9780000058218 | 7395 | 05/06/2025 | 332.632 HUL | 1 | 05/06/2025 | 05/06/2025 |